[Event "Oberliga Ost A 2017 2018"]
[Site "Germany"]
[Date "2017.10.22"]
[Round "1.1"]
[White "Eichner, Sebastian"]
[Black "Kuraszkiewicz, Michael"]
[Result "0-1"]
[WhiteElo "2364"]
[BlackElo "2303"]
[PlyCount "120"]
[EventDate "2017.10.22"]
[EventType "team-tourn"]
[EventCountry "GER"]
[WhiteTeam "Aue ESV Nickelhuette II"]
[BlackTeam "Plauen SK Koenig"]
[WhiteTeamCountry "GER"]
[BlackTeamCountry "GER"]

1. e4 e5 2. Nf3 Nc6 3. Bc4 Nf6 4. d3 Be7 5. Nc3 d6 6. h3 Na5 7. Bd5 c6 8. Bxf7+
Kxf7 9. Ng5+ Kg8 10. b4 h6 11. Nf3 d5 12. bxa5 Qxa5 13. Bd2 Bb4 14. Ne2 dxe4
15. Bxb4 Qxb4+ 16. c3 Qe7 17. Nh4 Kh7 18. dxe4 Nxe4 19. Qc2 Qxh4 20. Ng3 Bf5
21. Nxf5 Qxf2+ 22. Qxf2 Nxf2 23. O-O Nd3 24. Rf3 Rad8 25. Rb1 Rd7 26. Re3 Rhd8
27. h4 b5 28. Kh2 a6 29. h5 c5 30. Nh4 c4 31. Ng6 Rd5 32. a4 Nf4 33. Nxe5 Nxh5
34. Nc6 Nf6 35. Rf3 Rd1 36. Rb4 Nd5 37. Rxc4 Rc8 38. axb5 axb5 39. Rc5 Ne7 40.
Nxe7 Rxc5 41. Nf5 Rc1 42. Nd4 R1xc3 43. Rxc3 Rxc3 44. Nxb5 Rd3 45. Nc7 g5 46.
Na6 h5 47. Nc5 Re3 48. Kg1 Kg6 49. Kf2 Ra3 50. Ne4 Kf5 51. Ng3+ Kg4 52. Ne4 Kf4
53. Nf6 Ra2+ 54. Kg1 h4 55. Kh2 g4 56. Nd5+ Kg5 57. Kg1 g3 58. Kf1 Rf2+ 59. Kg1
Rd2 60. Nc3 Rc2 0-1

[Event "Oberliga Ost A 2017 2018"]
[Site "Germany"]
[Date "2017.10.22"]
[Round "1.2"]
[White "Schaller, Sven"]
[Black "Wichmann, Cliff"]
[Result "1/2-1/2"]
[WhiteElo "2270"]
[BlackElo "2297"]
[PlyCount "24"]
[EventDate "2017.10.22"]
[EventType "team-tourn"]
[EventCountry "GER"]
[WhiteTeam "Plauen SK Koenig"]
[BlackTeam "Aue ESV Nickelhuette II"]
[WhiteTeamCountry "GER"]
[BlackTeamCountry "GER"]

1. Nf3 d5 2. g3 Nf6 3. Bg2 Bg4 4. c4 c6 5. cxd5 cxd5 6. Ne5 Bc8 7. Qa4+ Nbd7 8.
Nc3 e6 9. d4 Be7 10. Bf4 O-O 11. Nd3 a6 12. O-O Nb6 1/2-1/2

[Event "Oberliga Ost A 2017 2018"]
[Site "Germany"]
[Date "2017.10.22"]
[Round "1.3"]
[White "Jurasek, Miroslav"]
[Black "Sandner, Gunter"]
[Result "1-0"]
[WhiteElo "2276"]
[BlackElo "2255"]
[PlyCount "151"]
[EventDate "2017.10.22"]
[EventType "team-tourn"]
[EventCountry "GER"]
[WhiteTeam "Aue ESV Nickelhuette II"]
[BlackTeam "Plauen SK Koenig"]
[WhiteTeamCountry "GER"]
[BlackTeamCountry "GER"]

1. d4 Nf6 2. Nf3 c5 3. e3 b6 4. Be2 Bb7 5. O-O g6 6. a4 Bg7 7. c3 O-O 8. a5
bxa5 9. Qb3 Qb6 10. Nbd2 cxd4 11. exd4 Nd5 12. Re1 Nf4 13. Bb5 Bc6 14. Bc4 e6
15. Qd1 Qc7 16. Bf1 Bb7 17. Nc4 Nc6 18. Nfe5 Nh5 19. Nxc6 Bxc6 20. Nxa5 Rab8
21. Nxc6 dxc6 22. Qf3 c5 23. g4 Nf6 24. Bf4 Qb7 25. Qe2 cxd4 26. Bxb8 Rxb8 27.
c4 d3 28. Qxd3 Nxg4 29. Qe4 Qxe4 30. Rxe4 f5 31. Rxe6 Bd4 32. Re2 Nxf2 33. Kg2
Ng4 34. Ra3 f4 35. Kf3 Ne3 36. Bh3 g5 37. Rd3 Bc5 38. Rd7 Re8 39. Rd5 Be7 40.
Re5 Kf7 41. Ra5 h5 42. Bd7 Rd8 43. Rxa7 Bd6 44. h4 Kg6 45. hxg5 Nxc4 46. Be8+
Kxg5 47. Rg2+ Kf5 48. Bg6+ Kf6 49. Bxh5 Rb8 50. Ke4 Ne5 51. Ra6 Ke7 52. Kxf4
Rxb2 53. Rxb2 Nd3+ 54. Ke4 Nc5+ 55. Kd5 Nxa6 56. Re2+ Kd7 57. Bg4+ Kc7 58. Rf2
Nb4+ 59. Kc4 Nc6 60. Kd5 Ne7+ 61. Ke6 Bc5 62. Rc2 Kb6 63. Bf3 Nc6 64. Rb2+ Nb4
65. Kd7 Bf8 66. Be4 Kb5 67. Rb1 Bc5 68. Bd3+ Kb6 69. Bc4 Bf8 70. Rf1 Bg7 71.
Rf5 Bc3 72. Rb5+ Ka7 73. Kc8 Nc6 74. Rb7+ Ka8 75. Bd5 Na7+ 76. Kd7 1-0

[Event "Oberliga Ost A 2017 2018"]
[Site "Germany"]
[Date "2017.10.22"]
[Round "1.4"]
[White "Kunze, Carlo"]
[Black "Schnabel, Ralf"]
[Result "1-0"]
[WhiteElo "2235"]
[BlackElo "2225"]
[PlyCount "67"]
[EventDate "2017.10.22"]
[EventType "team-tourn"]
[EventCountry "GER"]
[WhiteTeam "Plauen SK Koenig"]
[BlackTeam "Aue ESV Nickelhuette II"]
[WhiteTeamCountry "GER"]
[BlackTeamCountry "GER"]

1. d4 f5 2. g3 Nf6 3. Bg2 g6 4. c3 Nc6 5. Nf3 d6 6. d5 Ne5 7. Nd4 Bg7 8. O-O
O-O 9. Qb3 a5 10. Nd2 a4 11. Qc2 Ra6 12. f4 Neg4 13. Qd3 c5 14. dxc6 bxc6 15.
h3 Nh6 16. Kh2 Qb6 17. Nxc6 Re8 18. Nc4 Nhg4+ 19. hxg4 Nxg4+ 20. Kh3 Qc7 21.
Nb4 e6 22. Ne3 Ra5 23. Bd2 g5 24. Nxg4 fxg4+ 25. Kh2 a3 26. fxg5 axb2 27. Rab1
Rc5 28. Rxb2 Bxc3 29. Bxc3 Rxc3 30. Rc2 Rxc2 31. Qxc2 Qa5 32. Qd2 h6 33. Qf4
Qf5 34. gxh6 1-0

[Event "Oberliga Ost A 2017 2018"]
[Site "Germany"]
[Date "2017.10.22"]
[Round "1.5"]
[White "Haessler, Wolfgang"]
[Black "Hoerr, Matthias"]
[Result "1-0"]
[WhiteElo "2178"]
[BlackElo "2196"]
[PlyCount "111"]
[EventDate "2017.10.22"]
[EventType "team-tourn"]
[EventCountry "GER"]
[WhiteTeam "Aue ESV Nickelhuette II"]
[BlackTeam "Plauen SK Koenig"]
[WhiteTeamCountry "GER"]
[BlackTeamCountry "GER"]

1. d4 Nf6 2. Bf4 e6 3. e3 c5 4. c3 b6 5. Nf3 Bb7 6. Bd3 Be7 7. h3 O-O 8. O-O
Nc6 9. Nbd2 cxd4 10. exd4 d6 11. Re1 Re8 12. a3 Rc8 13. Bg3 Nb8 14. Bb5 Bc6 15.
a4 a6 16. Bd3 b5 17. axb5 axb5 18. Qb3 Qd7 19. Ra5 Bd8 20. Rxb5 Bxb5 21. Bxb5
Nc6 22. Nc4 Bc7 23. Bh4 Rb8 24. Bxf6 gxf6 25. Qa4 Rxb5 26. Qxb5 d5 27. Ne3 Rb8
28. Qe2 f5 29. Nd1 Qd6 30. Ne5 Nxe5 31. dxe5 Qf8 32. Qe3 Bb6 33. Qf4 Ra8 34.
Ne3 Ra2 35. Re2 Qg7 36. g3 Bc7 37. Ng2 h5 38. Nh4 Ra5 39. Nf3 Rc5 40. Qh4 Rc4
41. Qxh5 Re4 42. Rxe4 fxe4 43. Ng5 Bxe5 44. Nxf7 Qxf7 45. Qxe5 Qd7 46. h4 Kf7
47. h5 Qa4 48. Qf4+ Ke8 49. h6 Qd1+ 50. Kg2 Qh5 51. g4 Qh4 52. b4 Kd7 53. b5 e5
54. Qxe5 Qxg4+ 55. Qg3 Qh5 56. Qh3+ 1-0

[Event "Oberliga Ost A 2017 2018"]
[Site "Germany"]
[Date "2017.10.22"]
[Round "1.6"]
[White "Pfretzschner, Roland"]
[Black "Heinz, Juergen"]
[Result "1-0"]
[WhiteElo "2211"]
[BlackElo "2222"]
[PlyCount "83"]
[EventDate "2017.10.22"]
[EventType "team-tourn"]
[EventCountry "GER"]
[WhiteTeam "Plauen SK Koenig"]
[BlackTeam "Aue ESV Nickelhuette II"]
[WhiteTeamCountry "GER"]
[BlackTeamCountry "GER"]

1. e4 c5 2. Nf3 a6 3. Nc3 b5 4. d4 cxd4 5. Nxd4 Bb7 6. Bd3 e5 7. Nf5 Nf6 8. Bg5
h6 9. Bh4 g6 10. Ne3 d6 11. a4 g5 12. Bg3 b4 13. Ncd5 Nxd5 14. exd5 Nd7 15. Qd2
Rb8 16. h4 Nc5 17. Bf5 Be7 18. hxg5 Bxg5 19. O-O Rg8 20. f4 Be7 21. Qf2 e4 22.
Rad1 h5 23. Kh1 b3 24. Bh2 Bc8 25. Bxc8 Rxc8 26. cxb3 Bf6 27. Qe2 Nxb3 28. Nc4
Kf8 29. Qxe4 Nc5 30. Qc2 Rg4 31. b3 Kg8 32. Rf3 Qf8 33. Qf5 Bg7 34. Nxd6 Rb8
35. Ne4 Nxe4 36. Qxe4 Re8 37. Qd3 Qd6 38. Re3 Rxe3 39. Qxe3 Qg6 40. d6 Rxg2 41.
d7 Bf8 42. d8=Q 1-0

[Event "Oberliga Ost A 2017 2018"]
[Site "Germany"]
[Date "2017.10.22"]
[Round "1.7"]
[White "Floeter, Frank"]
[Black "Zaehringer, Daniel"]
[Result "1-0"]
[WhiteElo "2123"]
[BlackElo "2015"]
[PlyCount "75"]
[EventDate "2017.10.22"]
[EventType "team-tourn"]
[EventCountry "GER"]
[WhiteTeam "Aue ESV Nickelhuette II"]
[BlackTeam "Plauen SK Koenig"]
[WhiteTeamCountry "GER"]
[BlackTeamCountry "GER"]

1. d4 d5 2. Nf3 Nf6 3. c4 e6 4. Nc3 c6 5. e3 Nbd7 6. Bd3 dxc4 7. Bxc4 b5 8. Be2
a6 9. O-O Bd6 10. e4 e5 11. dxe5 Nxe5 12. Nxe5 Bxe5 13. Qxd8+ Kxd8 14. Rd1+ Kc7
15. f3 Be6 16. Be3 Rhd8 17. Rxd8 Rxd8 18. Rc1 Kb7 19. b3 Bd4 20. Bxd4 Rxd4 21.
Rd1 c5 22. Kf2 Kb6 23. Ke3 Rxd1 24. Bxd1 Ka5 25. f4 g6 26. h3 b4 27. Na4 Nd7
28. Nb2 Kb6 29. Be2 Nb8 30. Bc4 Kc7 31. g4 Bxc4 32. Nxc4 Nc6 33. e5 Nd4 34. Ke4
Kc6 35. f5 Nb5 36. e6 gxf5+ 37. gxf5 fxe6 38. fxe6 1-0

[Event "Oberliga Ost A 2017 2018"]
[Site "Germany"]
[Date "2017.10.22"]
[Round "1.8"]
[White "Burian, Simon"]
[Black "Heinz, Thomas"]
[Result "1/2-1/2"]
[WhiteElo "1958"]
[BlackElo "2138"]
[PlyCount "86"]
[EventDate "2017.10.22"]
[EventType "team-tourn"]
[EventCountry "GER"]
[WhiteTeam "Plauen SK Koenig"]
[BlackTeam "Aue ESV Nickelhuette II"]
[WhiteTeamCountry "GER"]
[BlackTeamCountry "GER"]

1. e4 e5 2. Nf3 Nc6 3. Bc4 Bc5 4. b4 Bxb4 5. c3 Be7 6. d4 d6 7. dxe5 Nxe5 8.
Nxe5 dxe5 9. Qh5 g6 10. Qxe5 Nf6 11. Ba3 Be6 12. Bxe6 Bxa3 13. Nxa3 O-O 14.
Bxf7+ Rxf7 15. O-O Qf8 16. Qa5 Nxe4 17. f3 b6 18. Qb4 Qc5+ 19. Qxc5 Nxc5 20.
Rad1 Re8 21. Rfe1 Rxe1+ 22. Rxe1 Rd7 23. Re2 Kf7 24. Kf2 Kf6 25. h4 a6 26. Nb1
h5 27. Rd2 Rd3 28. Ke2 Rxd2+ 29. Nxd2 Ke5 30. Ke3 a5 31. g4 b5 32. f4+ Ke6 33.
gxh5 gxh5 34. Kd4 Na4 35. c4 c5+ 36. Ke3 b4 37. Nb3 Nc3 38. Nxa5 Nxa2 39. Nb3
Kd6 40. Ke4 Nc3+ 41. Kf5 Nd1 42. Kg5 Ne3 43. Nd2 Ke6 1/2-1/2

[Event "Oberliga Ost A 2017 2018"]
[Site "Germany"]
[Date "2017.10.22"]
[Round "1.1"]
[White "Pietsch, Michael"]
[Black "Lechtynsky, Jiri"]
[Result "1/2-1/2"]
[WhiteElo "2206"]
[BlackElo "2367"]
[PlyCount "28"]
[EventDate "2017.10.22"]
[EventType "team-tourn"]
[EventCountry "GER"]
[WhiteTeam "Coswig TuS"]
[BlackTeam "Hoyerswerda FVS ASP"]
[WhiteTeamCountry "GER"]
[BlackTeamCountry "GER"]

1. c4 c5 2. g3 g6 3. Bg2 Bg7 4. Nc3 Nc6 5. Nf3 d6 6. O-O Bd7 7. Rb1 Qc8 8. d3
Bh3 9. Bd2 Nh6 10. a3 Bxg2 11. Kxg2 Nf5 12. b4 O-O 13. Re1 b6 14. Ne4 Qd7
1/2-1/2

[Event "Oberliga Ost A 2017 2018"]
[Site "Germany"]
[Date "2017.10.22"]
[Round "1.3"]
[White "Hofmann, Rares"]
[Black "Hovsepyan, Vardan"]
[Result "1-0"]
[WhiteElo "2229"]
[BlackElo "2218"]
[PlyCount "67"]
[EventDate "2017.10.22"]
[EventType "team-tourn"]
[EventCountry "GER"]
[WhiteTeam "Coswig TuS"]
[BlackTeam "Hoyerswerda FVS ASP"]
[WhiteTeamCountry "GER"]
[BlackTeamCountry "GER"]

1. e4 e5 2. Nf3 Nc6 3. Nc3 g6 4. Bb5 Bg7 5. O-O Nge7 6. Nd5 O-O 7. d3 Nxd5 8.
exd5 Ne7 9. Bc4 c5 10. c3 Nf5 11. Nd2 d6 12. Ne4 a6 13. a4 b6 14. f4 h5 15.
fxe5 Bxe5 16. Bg5 Qc7 17. Bf6 Bxf6 18. Nxf6+ Kg7 19. Ne4 Bd7 20. Qf3 b5 21.
axb5 axb5 22. Rxa8 Rxa8 23. Bb3 Qb6 24. Bd1 b4 25. h3 bxc3 26. bxc3 h4 27. Qf4
Ra2 28. Qg5 Kf8 29. Qf6 Be8 30. Re1 Kg8 31. Nxd6 Ra8 32. Nxe8 Qb1 33. Qe5 Qxd3
34. Bg4 1-0

[Event "Oberliga Ost A 2017 2018"]
[Site "Germany"]
[Date "2017.10.22"]
[Round "1.4"]
[White "Kesik, Klaus Dieter"]
[Black "Mueller, Richard"]
[Result "1-0"]
[WhiteElo "2222"]
[BlackElo "2161"]
[PlyCount "93"]
[EventDate "2017.10.22"]
[EventType "team-tourn"]
[EventCountry "GER"]
[WhiteTeam "Hoyerswerda FVS ASP"]
[BlackTeam "Coswig TuS"]
[WhiteTeamCountry "GER"]
[BlackTeamCountry "GER"]

1. d4 Nf6 2. Nf3 g6 3. Bf4 Bg7 4. Nc3 d5 5. e3 O-O 6. Be2 c6 7. Ne5 Nbd7 8. h4
Ne4 9. Nxe4 Nxe5 10. Nc5 Nc4 11. b3 Qa5+ 12. Kf1 Nd2+ 13. Kg1 Ne4 14. Nxe4 dxe4
15. h5 g5 16. h6 gxf4 17. hxg7 Rd8 18. Rh5 Qc7 19. Bc4 Qd6 20. Rh4 Qg6 21. Rxf4
Be6 22. Bxe6 Qxe6 23. Qh5 Rd5 24. Qh4 Kxg7 25. Rxe4 Qf6 26. Rg4+ Kh8 27. Qxf6+
exf6 28. c4 Rg5 29. Rf4 Kg7 30. f3 Rd8 31. Kf2 Rg6 32. Rd1 Kf8 33. Rh1 h6 34.
Rfh4 Kg7 35. R1h2 Rh8 36. g4 Re8 37. Rh5 Re7 38. e4 Rd7 39. Ke3 Rd8 40. Kd3 Rh8
41. d5 Rg5 42. Kd4 cxd5 43. exd5 Kg6 44. c5 Rxh5 45. Rxh5 Re8 46. d6 Re2 47.
Rd5 1-0

[Event "Oberliga Ost A 2017 2018"]
[Site "Germany"]
[Date "2017.10.22"]
[Round "1.5"]
[White "Escher, Thomas"]
[Black "Jahnel, Guenther"]
[Result "1-0"]
[WhiteElo "2150"]
[BlackElo "2222"]
[PlyCount "119"]
[EventDate "2017.10.22"]
[EventType "team-tourn"]
[EventCountry "GER"]
[WhiteTeam "Coswig TuS"]
[BlackTeam "Hoyerswerda FVS ASP"]
[WhiteTeamCountry "GER"]
[BlackTeamCountry "GER"]

1. e4 d6 2. d4 Nf6 3. Nc3 g6 4. Nf3 Bg7 5. Be2 O-O 6. O-O c6 7. Re1 Qc7 8. h3
Nbd7 9. a4 e5 10. Be3 b6 11. Qd2 a6 12. Bh6 Re8 13. dxe5 dxe5 14. Bc4 Nc5 15.
Bxg7 Kxg7 16. Ng5 Re7 17. b4 Ne6 18. Bxe6 Bxe6 19. Qd3 Bc8 20. a5 Rb8 21. axb6
Qxb6 22. Rab1 h6 23. Nf3 Nh5 24. Qd6 Re6 25. Qd2 Qc7 26. Na4 Nf4 27. Nc5 Re8
28. Nd3 g5 29. Nxf4 gxf4 30. Red1 f5 31. exf5 Bxf5 32. Qc3 Re7 33. Re1 Rbe8 34.
Rbd1 Kg8 35. Qc5 Bh7 36. Rd6 e4 37. Rxc6 Qb7 38. Nh2 e3 39. fxe3 fxe3 40. Ng4
Rf8 41. Rxe3 Rxe3 42. Nxe3 Qf7 43. Qd5 Qxd5 44. Nxd5 Kg7 45. Nc7 Rf5 46. Rxa6
Bg8 47. Rc6 Re5 48. Kf2 Bh7 49. Ne6+ Kf7 50. Rc7+ Kg8 51. Nd4 Rd5 52. Ke3 Re5+
53. Kd2 Be4 54. g4 Rd5 55. Ke3 Bg2 56. Nf5 Re5+ 57. Kf4 Re4+ 58. Kg3 Bf1 59.
Nxh6+ Kf8 60. Rf7+ 1-0

[Event "Oberliga Ost A 2017 2018"]
[Site "Germany"]
[Date "2017.10.22"]
[Round "1.6"]
[White "Boehm, Robert"]
[Black "Klawa, Patrick"]
[Result "1/2-1/2"]
[WhiteElo "2148"]
[BlackElo "2163"]
[PlyCount "84"]
[EventDate "2017.10.22"]
[EventType "team-tourn"]
[EventCountry "GER"]
[WhiteTeam "Hoyerswerda FVS ASP"]
[BlackTeam "Coswig TuS"]
[WhiteTeamCountry "GER"]
[BlackTeamCountry "GER"]

1. d4 f5 2. Nf3 Nf6 3. c4 g6 4. b4 Bg7 5. Bb2 O-O 6. e3 d6 7. Be2 e5 8. dxe5
Ng4 9. Qb3 Nxe5 10. Nxe5 dxe5 11. c5+ Kh8 12. O-O Qe7 13. Nd2 Nc6 14. b5 Be6
15. Qc3 Nd8 16. c6 Rg8 17. cxb7 Nxb7 18. Rfc1 Rac8 19. Bc4 e4 20. Qc2 Nd6 21.
Bxg7+ Rxg7 22. Bxe6 Qxe6 23. Qc5 Rd8 24. Nc4 Qf6 25. Nxd6 Rxd6 26. Qxa7 Rgd7
27. Qc5 Kg8 28. g3 Qb2 29. Qc4+ Kf8 30. Rab1 Qd2 31. a4 g5 32. Qc3 Qe2 33. Qh8+
Kf7 34. Qxh7+ Kf8 35. Qxf5+ Rf7 36. Qc8+ Kg7 37. Rf1 Rd2 38. Qe6 Rxf2 39. Qe7+
Kh6 40. Qe6+ Kg7 41. Qe7+ Kg6 42. Qe6+ Kg7 1/2-1/2

[Event "Oberliga Ost A 2017 2018"]
[Site "Germany"]
[Date "2017.10.22"]
[Round "1.7"]
[White "Merker, Matthias"]
[Black "Graf, Roland"]
[Result "1-0"]
[WhiteElo "2133"]
[BlackElo "2103"]
[PlyCount "117"]
[EventDate "2017.10.22"]
[EventType "team-tourn"]
[EventCountry "GER"]
[WhiteTeam "Coswig TuS"]
[BlackTeam "Hoyerswerda FVS ASP"]
[WhiteTeamCountry "GER"]
[BlackTeamCountry "GER"]

1. d4 Nf6 2. c4 g6 3. Nc3 d5 4. Nf3 Bg7 5. cxd5 Nxd5 6. e4 Nxc3 7. bxc3 c5 8.
Be2 Nc6 9. d5 Ne5 10. Nxe5 Bxe5 11. Qd2 O-O 12. f4 Bg7 13. O-O Qa5 14. e5 f6
15. Qe3 fxe5 16. fxe5 Rxf1+ 17. Bxf1 c4 18. Qd4 b5 19. d6 Be6 20. dxe7 Re8 21.
Bg5 Qb6 22. Qxb6 axb6 23. Rb1 h6 24. Bf6 Bxf6 25. exf6 Kf7 26. Rxb5 Kxf6 27.
Rxb6 Kxe7 28. Rb4 Ra8 29. a4 Bd7 30. Bxc4 Bxa4 31. Rb7+ Kf6 32. Rb6+ Kg5 33.
Ra6 Rxa6 34. Bxa6 Kf4 35. Kf2 Bc6 36. Bd3 g5 37. g3+ Ke5 38. Bg6 Bd5 39. Ke3
Bc4 40. Bd3 Bf7 41. Bb5 Bg6 42. Bd3 Bf7 43. Be4 Bc4 44. Bf3 Bb5 45. Be2 Be8 46.
c4 Bg6 47. Bf3 Bf5 48. c5 h5 49. c6 h4 50. Kd2 g4 51. Bg2 hxg3 52. hxg3 Kd4 53.
Bf1 Kc5 54. Bd3 Bc8 55. Be4 Kd4 56. Bg6 Ke5 57. Ke3 Be6 58. Be8 Kd6 59. Kf4 1-0

[Event "Oberliga Ost A 2017 2018"]
[Site "Germany"]
[Date "2017.10.22"]
[Round "1.8"]
[White "Heyme, Sibylle"]
[Black "Poenisch, Eckehard"]
[Result "1-0"]
[WhiteElo "2011"]
[BlackElo "2138"]
[PlyCount "81"]
[EventDate "2017.10.22"]
[EventType "team-tourn"]
[EventCountry "GER"]
[WhiteTeam "Hoyerswerda FVS ASP"]
[BlackTeam "Coswig TuS"]
[WhiteTeamCountry "GER"]
[BlackTeamCountry "GER"]

1. e4 d5 2. exd5 Nf6 3. Nf3 Nxd5 4. d4 Bg4 5. Bb5+ c6 6. Be2 g6 7. O-O Bg7 8.
c4 Nb6 9. Nbd2 O-O 10. h3 Bf5 11. Nb3 Qc7 12. a4 Rd8 13. Be3 Na6 14. Qc1 Nb4
15. Bf4 Qc8 16. a5 Nd7 17. Bh6 Bh8 18. Ra4 Na6 19. Rd1 e5 20. g4 Be6 21. d5
Ndc5 22. Nxc5 Nxc5 23. dxe6 Nxa4 24. exf7+ Kxf7 25. c5 b5 26. cxb6 Rxd1+ 27.
Bxd1 Nxb6 28. axb6 axb6 29. Bb3+ Ke7 30. Qc4 Qd7 31. Qb4+ Qd6 32. Qxb6 Rd8 33.
Be3 Ke8 34. Ng5 Rb8 35. Qa7 Rxb3 36. Qf7+ Kd8 37. Qxb3 Kc7 38. Nf7 Qf6 39. Qb6+
Kd7 40. Qb7+ Ke6 41. Nxh8 1-0

[Event "Oberliga Ost A 2017 2018"]
[Site "Germany"]
[Date "2017.10.22"]
[Round "1.1"]
[White "Spreng, Simon"]
[Black "Niegsch, Nicolas"]
[Result "0-1"]
[WhiteElo "2235"]
[BlackElo "2232"]
[PlyCount "66"]
[EventDate "2017.10.22"]
[EventType "team-tourn"]
[EventCountry "GER"]
[WhiteTeam "Dessau SK"]
[BlackTeam "Loeberitz SG"]
[WhiteTeamCountry "GER"]
[BlackTeamCountry "GER"]

1. d4 f5 2. e4 fxe4 3. f3 e5 4. Nc3 Bb4 5. dxe5 Nc6 6. Qd5 Nge7 7. Qxe4 d5 8.
exd6 Qxd6 9. Bf4 Qf6 10. O-O-O Bxc3 11. bxc3 Qxc3 12. Qc4 Qa1+ 13. Kd2 Qf6 14.
Bxc7 Be6 15. Qf4 Qb2 16. Bd3 Nd5 17. Qd6 Qc3+ 18. Kc1 Nd4 19. Ne2 Qxc7 20. Bb5+
Nxb5 21. Qxe6+ Ne7 22. Rhe1 Rf8 23. Ng3 Rd8 24. Rxd8+ Kxd8 25. a4 Nd4 26. Qe4
Qf4+ 27. Kb2 Qxe4 28. Nxe4 Ndc6 29. Ng5 Kc8 30. Nxh7 Rh8 31. Ng5 Rxh2 32. Re2
Nf5 33. Kc3 Kc7 0-1

[Event "Oberliga Ost A 2017 2018"]
[Site "Germany"]
[Date "2017.10.22"]
[Round "1.2"]
[White "Stein, Robert"]
[Black "Matthey, Harald"]
[Result "1-0"]
[WhiteElo "2253"]
[BlackElo "2108"]
[PlyCount "81"]
[EventDate "2017.10.22"]
[EventType "team-tourn"]
[EventCountry "GER"]
[WhiteTeam "Loeberitz SG"]
[BlackTeam "Dessau SK"]
[WhiteTeamCountry "GER"]
[BlackTeamCountry "GER"]

1. d4 g6 2. c4 Bg7 3. Nf3 d6 4. Nc3 Nd7 5. g3 b6 6. Bg2 Bb7 7. O-O e6 8. b3 Ne7
9. Bb2 O-O 10. Qc2 h6 11. Rad1 a6 12. Rfe1 Rb8 13. e4 Qe8 14. Rd2 f6 15. Qd1
Kh8 16. Bh3 Ng8 17. b4 Bc8 18. Ne2 e5 19. Bg2 Qf7 20. Nc3 c6 21. c5 bxc5 22.
bxc5 dxc5 23. dxe5 Nxe5 24. Nxe5 fxe5 25. Ba3 c4 26. Bxf8 Bxf8 27. Qa4 Bb4 28.
Rc1 Be6 29. h3 Qe7 30. Qxc6 Rc8 31. Qxa6 Nf6 32. Rdd1 Bc5 33. Rc2 Qf7 34. Kh2
Rf8 35. Qa5 Bd4 36. Nb5 Qd7 37. Rcd2 Rd8 38. Nxd4 exd4 39. Rxd4 Qxd4 40. Rxd4
Rxd4 41. Qe5 1-0

[Event "Oberliga Ost A 2017 2018"]
[Site "Germany"]
[Date "2017.10.22"]
[Round "1.3"]
[White "Schubert, Ralf"]
[Black "Pallas, Sebastian"]
[Result "0-1"]
[WhiteElo "2148"]
[BlackElo "2230"]
[PlyCount "128"]
[EventDate "2017.10.22"]
[EventType "team-tourn"]
[EventCountry "GER"]
[WhiteTeam "Dessau SK"]
[BlackTeam "Loeberitz SG"]
[WhiteTeamCountry "GER"]
[BlackTeamCountry "GER"]

1. d4 Nf6 2. c4 g6 3. Nc3 d5 4. cxd5 Nxd5 5. e4 Nxc3 6. bxc3 Bg7 7. Bc4 O-O 8.
Ne2 c5 9. Be3 Qc7 10. Rc1 Rd8 11. O-O Nc6 12. f3 a6 13. Qd2 b5 14. Bd5 Bb7 15.
Bh6 Na5 16. Bxg7 Kxg7 17. Bxb7 Qxb7 18. Qg5 Rac8 19. d5 Nc4 20. Nf4 Qc7 21. a4
bxa4 22. Ra1 a3 23. e5 Qxe5 24. Qxe5+ Nxe5 25. Rfe1 Kf6 26. Rxa3 Rd6 27. Rea1
g5 28. Nh5+ Kg6 29. Ng3 Rxd5 30. Rxa6+ f6 31. Ne4 Rcd8 32. Kf2 c4 33. Ra7 R5d7
34. R1a6 Rxa7 35. Rxa7 Kf7 36. Rc7 h6 37. Ke2 Ke6 38. g3 f5 39. Nd2 Kd6 40. Ra7
Rc8 41. Ke3 Rc6 42. h3 Ng6 43. g4 Ke6 44. Ra4 Ne5 45. Ra5 Kf6 46. f4 gxf4+ 47.
Kxf4 Ng6+ 48. Kf3 e6 49. gxf5 exf5 50. Ra4 Rd6 51. Nxc4 Rd3+ 52. Ke2 Nf4+ 53.
Ke1 Nxh3 54. Nb6 f4 55. Ke2 Re3+ 56. Kd2 Re8 57. Ra1 Kf5 58. Nd5 Ng5 59. Rh1
Re6 60. Kd3 f3 61. c4 Ra6 62. c5 Ra3+ 63. Kc2 f2 64. Rxh6 Ke5 0-1

[Event "Oberliga Ost A 2017 2018"]
[Site "Germany"]
[Date "2017.10.22"]
[Round "1.4"]
[White "Proehl, Holger"]
[Black "Erler, Rainer"]
[Result "1/2-1/2"]
[WhiteElo "2364"]
[BlackElo "2100"]
[PlyCount "58"]
[EventDate "2017.10.22"]
[EventType "team-tourn"]
[EventCountry "GER"]
[WhiteTeam "Loeberitz SG"]
[BlackTeam "Dessau SK"]
[WhiteTeamCountry "GER"]
[BlackTeamCountry "GER"]

1. e4 e5 2. Nc3 Nf6 3. g3 d5 4. exd5 Nxd5 5. Bg2 Nf6 6. Nf3 Nc6 7. O-O Bc5 8.
d3 O-O 9. a3 Re8 10. h3 h6 11. b4 Bd4 12. Nxd4 Nxd4 13. Re1 c6 14. a4 Qd6 15.
Ba3 Be6 16. b5 Qd7 17. bxc6 bxc6 18. Kh2 Qc7 19. Ne2 Nxe2 20. Qxe2 Bd5 21. Bb2
Nd7 22. Bc3 Re6 23. Be4 Bxe4 24. Qxe4 Qd6 25. Re2 Rae8 26. Rae1 Qc5 27. Bb4 Qd5
28. Bc3 Qc5 29. Bb4 Qd5 1/2-1/2

[Event "Oberliga Ost A 2017 2018"]
[Site "Germany"]
[Date "2017.10.22"]
[Round "1.5"]
[White "Leibovitch, Iziaslav"]
[Black "Schuetze, Norman"]
[Result "0-1"]
[WhiteElo "2125"]
[BlackElo "2282"]
[PlyCount "130"]
[EventDate "2017.10.22"]
[EventType "team-tourn"]
[EventCountry "GER"]
[WhiteTeam "Dessau SK"]
[BlackTeam "Loeberitz SG"]
[WhiteTeamCountry "GER"]
[BlackTeamCountry "GER"]

1. Nf3 d5 2. g3 g6 3. Bg2 Bg7 4. O-O Nf6 5. d3 O-O 6. c3 c5 7. Nbd2 Nc6 8. e4
dxe4 9. dxe4 h6 10. Re1 Be6 11. Qc2 Qb6 12. Nb3 Na5 13. Nxa5 Qxa5 14. Bf4 Rfd8
15. Be5 Rac8 16. c4 Bg4 17. Bc3 Qa6 18. Ne5 Be6 19. b3 Nd7 20. Nf3 Bg4 21. Bxg7
Kxg7 22. e5 Nf8 23. Nh4 Rc7 24. h3 Bc8 25. Rad1 Rxd1 26. Rxd1 Ne6 27. Nf3 Rd7
28. Rd5 Qa5 29. Qd3 Qd8 30. h4 Nc7 31. Rxd7 Qxd7 32. Qxd7 Bxd7 33. Nd2 b6 34.
Ne4 Bf5 35. Nc3 f6 36. exf6+ Kxf6 37. f4 e5 38. Kf2 exf4 39. gxf4 Ke7 40. Ke3
Ne6 41. Nd5+ Kd6 42. Nc3 Nd4 43. Be4 Ke6 44. Bd5+ Kf6 45. Be4 Be6 46. Nd5+ Bxd5
47. cxd5 Nf5+ 48. Bxf5 gxf5 49. Kd3 Ke7 50. a4 Kd6 51. Kc4 a6 52. h5 b5+ 53.
axb5 axb5+ 54. Kxb5 Kxd5 55. Kb6 c4 56. bxc4+ Kxc4 57. Kc6 Kd4 58. Kd6 Ke4 59.
Ke6 Kxf4 60. Kf6 Kg4 61. Kg6 f4 62. Kxh6 f3 63. Kg6 f2 64. h6 f1=Q 65. Kg7 Kg5
0-1

[Event "Oberliga Ost A 2017 2018"]
[Site "Germany"]
[Date "2017.10.22"]
[Round "1.6"]
[White "Schuster, Martin"]
[Black "Ozeran, Volodymyr"]
[Result "1-0"]
[WhiteElo "2205"]
[BlackElo "2087"]
[PlyCount "89"]
[EventDate "2017.10.22"]
[EventType "team-tourn"]
[EventCountry "GER"]
[WhiteTeam "Loeberitz SG"]
[BlackTeam "Dessau SK"]
[WhiteTeamCountry "GER"]
[BlackTeamCountry "GER"]

1. e4 c6 2. d4 d5 3. Nc3 dxe4 4. Nxe4 Nd7 5. Nf3 Ngf6 6. Nxf6+ Nxf6 7. Bc4 e6
8. O-O Bd6 9. Bg5 h6 10. Bh4 Qc7 11. Qe2 Bd7 12. Ne5 Bxe5 13. dxe5 Nd5 14. Rad1
g5 15. Bg3 O-O-O 16. Qh5 Be8 17. Qf3 Qe7 18. Bb3 h5 19. c4 Nb6 20. Rxd8+ Qxd8
21. h3 Qe7 22. Qe2 h4 23. Bh2 c5 24. f4 gxf4 25. Bxf4 Rg8 26. Bc2 Bc6 27. Be4
Bxe4 28. Qxe4 Nd7 29. Be3 Rg7 30. Rf4 f5 31. exf6 Nxf6 32. Qf3 Nd7 33. Bf2 Ne5
34. Qe4 Qd6 35. Rxh4 Qd1+ 36. Kh2 Qd6 37. Kh1 Nd3 38. Bg1 Kc7 39. b3 e5 40. Be3
Qf6 41. Kh2 Ne1 42. Rh7 Rxh7 43. Qxh7+ Kb6 44. b4 Ka6 45. Qd7 1-0